| 000 | 00703nam a22001817a 4500 | ||
|---|---|---|---|
| 999 |
_c15124 _d15124 |
||
| 003 | OSt | ||
| 082 | _2631.7587 ANJ/DE | ||
| 088 | _aT 345 | ||
| 100 |
_aANJALY C. SUNNY _93592 |
||
| 245 | _aDevelopment and evaluation of a solar powered automated fertigation system | ||
| 260 |
_atavanur 2016 _bDEPARTMENT OF LAND AND WATER RESOURCES CONSERVATION ENGINEERING |
||
| 300 | _a94 | ||
| 500 | _aDevelopment and evaluation of a solar powered automated fertigation system | ||
| 520 | _aDevelopment and evaluation of a solar powered automated fertigation system | ||
| 700 |
_aDr. Abdul Hakkim V. M (Guide) _93491 |
||
| 856 | _uhttps://drive.google.com/open?id=1gUc1VtKHaHwaAzzREdaRqj6KoMlXn5HT | ||
| 942 | _cTH | ||